|
|
|
|
| LEADER |
00000nam0a2200000 4500 |
| 001 |
131936 |
| 005 |
20231031134643.0 |
| 010 |
|
|
|a 9785699092383
|
| 035 |
|
|
|a (RuTPU)RU\TPU\book\142871
|
| 090 |
|
|
|a 131936
|
| 100 |
|
|
|a 20080226d2007 m y0rusy50 ca
|
| 101 |
0 |
|
|a rus
|
| 102 |
|
|
|a RU
|
| 105 |
|
|
|a a j 001zy
|
| 200 |
1 |
|
|a Религиоведение
|e учебник
|f О. Г. Данильян, В. М. Тараненко
|
| 210 |
|
|
|a Москва
|c Эксмо
|d 2007
|
| 215 |
|
|
|a 480 с.
|c ил.
|
| 225 |
1 |
|
|a Образовательный стандарт XXI
|
| 320 |
|
|
|a Рекомендованная литература: с. 463-477.
|
| 330 |
|
|
|a В предлагаемом учебнике в систематизированном виде изложены все наиболее важные и интересные вопросы религиоведения.Что такое религия? Каковы основные вехи в ее истории? Каковы особенности мировых и новых, нетрадиционных религий? Какие верования распространены в России? Чем объяснить стремительно возросшую за последние годы религиозность в нашем обществе? Что такое вольнодумство и свобода совести? Содержание девяти тем учебника последовательно отвечает на эти и многие другие вопросы в соответствии с требованиями образовательного стандарта. Особенное внимание уделено каждой из мировых религий: буддизму, христианству, исламу. Учебник написан доступным и одновременно ярким, живым языком. Схемы, таблицы, рисунки, а также тематический словарь способствуют усвоению материала и делают книгу удобной в пользовании.
|
| 610 |
1 |
|
|a религия
|
| 610 |
1 |
|
|a религиоведение
|
| 610 |
1 |
|
|a религиозные верования
|
| 610 |
1 |
|
|a теория
|
| 610 |
1 |
|
|a история
|
| 610 |
1 |
|
|a буддизм
|
| 610 |
1 |
|
|a вероучение
|
| 610 |
1 |
|
|a христианство
|
| 610 |
1 |
|
|a ислам
|
| 610 |
1 |
|
|a культы
|
| 610 |
1 |
|
|a нетрадиционные религии
|
| 610 |
1 |
|
|a религиозные течения
|
| 610 |
1 |
|
|a Россия
|
| 610 |
1 |
|
|a Древняя Русь
|
| 610 |
1 |
|
|a язычество
|
| 610 |
1 |
|
|a свободомыслие
|
| 610 |
1 |
|
|a учебники
|
| 686 |
|
|
|a Э210я73
|v LBC/SL-A
|2 rubbk
|
| 686 |
|
|
|a Э3я73
|v LBC/SL-A
|2 rubbk
|
| 700 |
|
1 |
|a Данильян
|b О. Г.
|g Олег Геннадьевич
|
| 701 |
|
1 |
|a Тараненко
|b В. М.
|g Владимир Максимович
|
| 801 |
|
1 |
|a RU
|b 63413507
|c 20080226
|g PSBO
|
| 801 |
|
2 |
|a RU
|b 63413507
|c 20150611
|g PSBO
|
| 942 |
|
|
|c BK
|
| 959 |
|
|
|a 19/20080219
|d 2
|e 138,46
|f АНЛ:1
|f ЧЗГЛ:1
|